000 nam a22 7a 4500
999 _c29282
_d29282
008 171124b xxu||||| |||| 00| 0 eng d
020 _a0070590249
050 _aHD 30.2 O34 2004
100 _aO' Dell, Carla.
_d2004.
245 _aThe Excecutive's Role in Knowledge Management /
_cCarla, O' Dell.
250 _a1st ed.
260 _aUSA:
_bTata McGraw-Hill,
_c2004.
300 _av,134p.
_c22cm
650 _aKnowledge management
942 _2lcc
_cBOOKS
_hHD 30.2 .O34 2004.